000 01040nam a22002297a 4500
003 UA-OsUOA
001 126406
007 ta
008 20171020b un ||||| |||| 00| 0 ukr d
090 _a364(082)
_bА43
942 _cBK
040 _aUA-OsUOA
_bukr
_cUA-OsUOA
_dUA-OsUOA
245 _aАктуальні проблеми соціального права
_bнауково-практичний посібник (збірник матеріалів учасників всеукраїнських соціальних програм (заходів) ВГОІ "Інститут реабілітації та соціальних технологій" у 2016 р.
_cза заг. ред. В. Л. Костюка, В. П. Мельника
300 _a231 с.
955 _a1
041 _aukr
080 _a364(082)
260 _aК.
_bІР СТ Україна
_c2017
250 _nВип. 3
650 7 _a36 Забезпечення духовних та матеріальних життєвих потреб
_2UDC
999 _c413607
_d413607